Đàn chỉ thần công

Đã lưu trong:
書目詳細資料
主要作者: Ngọa, Long Sinh
格式: 圖書
語言:Undetermined
出版: Hà Nội Lao Động 2004
主題:
標簽: 添加標簽
沒有標簽, 成為第一個標記此記錄!
Thư viện lưu trữ: Trung tâm Học liệu Trường Đại học Cần Thơ
LEADER 00557nam a2200193Ia 4500
001 CTU_64886
008 210402s9999 xx 000 0 und d
020 |c 35000 
082 |a 895.13 
082 |b S312/T.3 
100 |a Ngọa, Long Sinh 
245 0 |a Đàn chỉ thần công 
245 0 |c Ngọa Long Sinh; Hồng Lĩnh Sơn biên dịch 
260 |a Hà Nội 
260 |b Lao Động 
260 |c 2004 
650 |a Chinese fiction ( vietnamese ) 
904 |i Minh,Hải 
980 |a Trung tâm Học liệu Trường Đại học Cần Thơ